Les ensembles projectifs et analytiques.
Guardado en:
| Autor Principal: | |
|---|---|
| Formato: | Libro |
| Idioma: | French |
| Publicado: |
Paris :
Gauthier-Villars,
1950.
|
| Series: | Mémorial des sciences mathématiques ;
fasc. 112 |
| Materias: | |
| Etiquetas: |
Agregar Etiqueta
Sin Etiquetas, Sea el primero en etiquetar este registro!
|
| LEADER | 00722cam a22002291a 4500 | ||
|---|---|---|---|
| 001 | MAT.inmabb005476 | ||
| 008 | 750128s1950####fr#######b####000#0#fre## | ||
| 005 | 20130419125839.0 | ||
| 245 | 1 | 4 | |a Les ensembles projectifs et analytiques. |
| 260 | |a Paris : |b Gauthier-Villars, |c 1950. | ||
| 300 | |a 80 p. ; |c 26 cm. | ||
| 440 | 0 | |a Mémorial des sciences mathématiques ; |v fasc. 112 | |
| 504 | |a Bibliographical footnotes. | ||
| 510 | 4 | |a MR, |c 14,627c | |
| 100 | 1 | |a Sierpinski, Waclaw, |d 1882-1969. | |
| 650 | 0 | |a Point set theory. | |
| 650 | 0 | |a Geometry, Projective. | |
| 650 | 0 | |a Geometry, Algebraic. | |
| 084 | |a 03E15 |2 msc2000 | ||
| 010 | |a 50004090 | ||
| 040 | |a DLC |c MBNU |d OCoLC |d DLC | ||
| 859 | |h 03 |i Si572e |p A-2096 |b BIB. MATEMATICA | ||
